| 000 | 01155cam a2200253 i 4500 | ||
|---|---|---|---|
| 003 | SA-RiAUC | ||
| 005 | 20250710123309.0 | ||
| 008 | 250710q19001999le g 00000bara c | ||
| 040 |
_aSA-RiAUC _bara _cSA-RiAUC _erda |
||
| 043 | _aa-su--- | ||
| 082 | 0 | 4 |
_a953.11 _qSA-RiAUC |
| 090 |
_a953.11 _bر ي ح |
||
| 100 | 1 |
_a الريحاني، أمين بن فارس بن أنطون، _d1876-1940 _eمؤلف. |
|
| 245 | 1 | 0 |
_aتاريخ نجد الحديث : _bسيرة عبد العزيز عبد الرحمن آل فيصل آل سعود مللك الحجاز ونجد وملحقاتها / _cأمين الريحاني. |
| 264 | 1 |
_aبيروت : _bدار الجيل، _c[بين 1900 و1999] |
|
| 300 |
_a500 صفحة ؛ _c24 سم |
||
| 336 |
_aنص _btxt _2rdacontent _3كتاب |
||
| 337 |
_aبدون وسيط _bn _2rdamedia |
||
| 338 |
_aمجلد _bnc _2rdacarrier |
||
| 600 | 1 | 7 |
_aابن سعود، عبد العزيز بن عبد الرحمن بن فيصل، _cملك السعودية، _d1293-1373 هجري _2aucnm |
| 651 | 7 |
_aنجد (السعودية) _xتاريخ _yقرن 14 هجري _2aucsh |
|
| 942 |
_2ddc _cBOOK _n0 |
||
| 949 |
_aSA-JeALM _d250710 _uosman123 _n1 |
||
| 999 |
_c9729 _d9729 |
||